01945nam a2200421 a 4500001001200000003000800012006001900020007001500039008004100054010001700095020003900112020003600151040002100187035002100208043003000229050002200259082001400281100002500295245012100320260006300441300001600504490002200520504006600542533015200608600006200760650004800822650006100870650006700931650006400998651007201062651007201134651005801206651006401264655002901328710001701357830002301374856012601397ebr10273460CaPaEBRm u cr cn|||||||||070717s2008 ncu sb s001 0 eng  z 2007029356 z9780807831885 (cloth : alk. paper) z0807831883 (cloth : alk. paper) aCaPaEBRcCaPaEBR a(OCoLC)613406399 an-us---an-use--an-usu--14aE456b.M26 2008eb04a973.72221 aMcClintock, Russell.10aLincoln and the decision for warh[electronic resource] :bthe northern response to secession /cRussell McClintock. aChapel Hill :bUniversity of North Carolina Press,cc2008. axii, 388 p.1 aCivil War America aIncludes bibliographical references (p. [341]-370) and index. aElectronic reproduction.bPalo Alto, Calif. :cebrary,d2013.nAvailable via World Wide Web.nAccess may be limited to ebrary affiliated libraries.10aLincoln, Abraham,d1809-1865xPolitical and social views. 0aSecessionzSouthern StatesxPublic opinion. 0aNationalismzNortheastern StatesxHistoryy19th century. 0aPolitical culturezNortheastern StatesxHistoryy19th century. 0aPublic opinionzNortheastern StatesxHistoryy19th century. 0aUnited StatesxPolitics and governmenty1861-1865xDecision making. 0aUnited StatesxPolitics and governmenty1857-1861xDecision making. 0aUnited StatesxHistoryyCivil War, 1861-1865xCauses. 0aNortheastern StatesxPolitics and governmenty19th century. 7aElectronic books.2local2 aebrary, Inc. 0aCivil War America.40uhttp://site.ebrary.com/lib/rucke/Doc?id=10273460zAn electronic book accessible through the World Wide Web; click to view